000 00291nam a22001337a 4500
008 170807b xxu||||| |||| 00| 0 eng d
020 _a9781562056629
041 _aeng
080 _a004
100 _a33
101 _aSHKI
245 _aINSIDE EXTREME 3D 2
_cBOUTON, G.D
942 _2udc
_cBK
999 _c22743
_d22743